[Event "Abe Yanofsky mem Manitoba op"]
[Site "Winnipeg CAN"]
[Date "2002.05.18"]
[Round "1.1"]
[White "Kaptsan, Aron"]
[Black "Strub, Michael"]
[Result "1/2-1/2"]
[WhiteElo "2132"]
[BlackElo "1741"]
[PlyCount "110"]
[EventDate "2002.05.??"]
[EventType "swiss"]
[EventRounds "6"]
[EventCountry "CAN"]

1. d4 d5 2. c4 e6 3. Nc3 Be7 4. cxd5 exd5 5. Bf4 c6 6. e3 Bf5 7. Bd3 Bxd3 8.
Qxd3 Nf6 9. Nf3 Nbd7 10. h3 O-O 11. O-O Re8 12. Rfc1 Nb6 13. Rab1 Bd6 14. Bxd6
Qxd6 15. b4 a6 16. a4 Nc4 17. b5 axb5 18. axb5 Ra3 19. Nd2 Nxd2 20. Qxd2 Rea8
21. bxc6 bxc6 22. Qb2 Nd7 23. Ra1 Nb6 24. Rxa3 Qxa3 25. Qxa3 Rxa3 26. Rb1 Rxc3
27. Rxb6 Rc1+ 28. Kh2 g6 29. Rb8+ Kg7 30. Rc8 h5 31. h4 Rc2 32. Kg3 Kf6 33. Rc7
Ke6 34. Kf3 Kf6 35. Kg3 Ke6 36. f3 Kf6 37. Kf4 Rxg2 38. Rxc6+ Ke7 39. Ke5 Rh2
40. Rc7+ Ke8 41. Kf6 Rxh4 42. Re7+ Kd8 43. Rxf7 Rh1 44. Kxg6 Re1 45. Kxh5 Rxe3
46. Kg4 Rd3 47. Rf4 Kd7 48. Kf5 Re3 49. Kg4 Rb3 50. Kg3 Kc6 51. Kf2 Kb5 52. Ke2
Kc4 53. Rf8 Kxd4 54. f4 Rh3 55. f5 Ke5 1/2-1/2

[Event "Abe Yanofsky mem Manitoba op"]
[Site "Winnipeg CAN"]
[Date "2002.05.18"]
[Round "1.2"]
[White "Sapina, Hrvoje"]
[Black "Schulz, Waldemar"]
[Result "0-1"]
[WhiteElo "1631"]
[BlackElo "2059"]
[PlyCount "114"]
[EventDate "2002.05.??"]
[EventType "swiss"]
[EventRounds "6"]
[EventCountry "CAN"]

1. e4 c5 2. c4 Nc6 3. Nf3 g6 4. d4 cxd4 5. Nxd4 Bg7 6. Nxc6 bxc6 7. Qc2 Rb8 8.
Nc3 d6 9. Bd3 Nf6 10. O-O O-O 11. Bd2 Nd7 12. Be3 Qa5 13. Rab1 Nc5 14. Be2 Bd7
15. Bd2 Qc7 16. b4 Ne6 17. Be3 Nd4 18. Qd2 Nxe2+ 19. Nxe2 Rb7 20. Bh6 Rfb8 21.
Bxg7 Kxg7 22. h4 h5 23. Ng3 Be6 24. Rfc1 Kh7 25. Rb3 a5 26. a3 axb4 27. axb4 f6
28. Ne2 Bf7 29. Qc3 Qd7 30. Rb2 Qg4 31. c5 Qxe4 32. cxd6 exd6 33. Qxf6 Bd5 34.
Qg5 Rxb4 35. Nc3 Qe5 36. Re2 Qxg5 37. hxg5 R8b7 38. Nxd5 cxd5 39. Rd1 Rb1 40.
Red2 Rxd1+ 41. Rxd1 Rb5 42. g3 Kg7 43. Kg2 Kf7 44. Kh3 Ke6 45. Rd4 Ke5 46. Rd3
Rb2 47. f4+ Ke4 48. Rd1 d4 49. g4 hxg4+ 50. Kxg4 d3 51. Re1+ Kd4 52. Kf3 d2 53.
Rd1 Kd3 54. Ra1 Rc2 55. Ra3+ Rc3 56. Ra1 Rc1 57. Ra3+ Kd4 0-1

[Event "Abe Yanofsky mem Manitoba op"]
[Site "Winnipeg CAN"]
[Date "2002.05.18"]
[Round "1.3"]
[White "Lipnowski, Samuel"]
[Black "Plocek, Jaroslav"]
[Result "1-0"]
[WhiteElo "2014"]
[BlackElo "1620"]
[PlyCount "41"]
[EventDate "2002.05.??"]
[EventType "swiss"]
[EventRounds "6"]
[EventCountry "CAN"]

1. e4 e5 2. f4 exf4 3. Nf3 Be7 4. Bc4 Bh4+ 5. Kf1 d6 6. d4 Bg4 7. c3 Nc6 8. Qd3
Bg5 9. h3 Bd7 10. Nxg5 Qxg5 11. Qf3 Nge7 12. Bxf4 Qf6 13. Nd2 Na5 14. Bd3 Ng6
15. Bg3 Qg5 16. Ke2 O-O-O 17. d5 Rde8 18. b4 Qxd5 19. bxa5 Qxa5 20. Nc4 Qxc3
21. Rac1 1-0

[Event "Abe Yanofsky mem Manitoba op"]
[Site "Winnipeg CAN"]
[Date "2002.05.18"]
[Round "1.4"]
[White "Rutter, Blair"]
[Black "Khedkar, Jay"]
[Result "0-1"]
[WhiteElo "1604"]
[BlackElo "1996"]
[PlyCount "64"]
[EventDate "2002.05.??"]
[EventType "swiss"]
[EventRounds "6"]
[EventCountry "CAN"]

1. d4 d5 2. e3 Nf6 3. c4 e6 4. Nf3 Nbd7 5. Nc3 c6 6. c5 e5 7. b4 e4 8. Ng5 Be7
9. f3 h6 10. Nh3 O-O 11. Nf2 Re8 12. f4 Nf8 13. g4 N6h7 14. Rg1 Bh4 15. Qe2 Ng6
16. Bd2 Qe7 17. O-O-O Nxf4 18. exf4 e3 19. Nd3 exd2+ 20. Qxd2 Qf6 21. Ne5 Ng5
22. Kb2 Ne6 23. Ne2 b6 24. Nxc6 bxc5 25. Bg2 Ba6 26. Nc3 Nxf4 27. Ne5 cxd4 28.
Qxd4 Rxe5 29. Bf3 Rc8 30. b5 Rc4 31. Qxa7 Re2+ 32. Kb1 Rb4+ 0-1

[Event "Abe Yanofsky mem Manitoba op"]
[Site "Winnipeg CAN"]
[Date "2002.05.18"]
[Round "1.5"]
[White "Lauritson, Jim"]
[Black "Gannon, Keith"]
[Result "1-0"]
[WhiteElo "1948"]
[BlackElo "1542"]
[PlyCount "63"]
[EventDate "2002.05.??"]
[EventType "swiss"]
[EventRounds "6"]
[EventCountry "CAN"]

1. d4 Nf6 2. Nf3 g6 3. Nc3 Bg7 4. e4 O-O 5. Be3 d6 6. Qd2 Nbd7 7. Bh6 e5 8. d5
Nc5 9. Bd3 Nxd3+ 10. cxd3 a6 11. d4 exd4 12. Nxd4 Re8 13. Bxg7 Kxg7 14. f3 Bd7
15. h4 c6 16. dxc6 bxc6 17. h5 Qe7 18. hxg6 fxg6 19. O-O-O c5 20. Nb3 Be6 21.
Qxd6 Bxb3 22. axb3 Qxd6 23. Rxd6 Reb8 24. e5 Nh5 25. g4 Nf4 26. Rd7+ Kg8 27.
Rhxh7 Nd3+ 28. Kc2 Nxe5 29. Rdg7+ Kf8 30. Ne4 c4 31. Nf6 cxb3+ 32. Kb1 1-0

[Event "Abe Yanofsky mem Manitoba op"]
[Site "Winnipeg CAN"]
[Date "2002.05.18"]
[Round "1.7"]
[White "Katona, John"]
[Black "Hogeveen Rutter, Alexander"]
[Result "1-0"]
[WhiteElo "1776"]
[BlackElo "1246"]
[PlyCount "71"]
[EventDate "2002.05.??"]
[EventType "swiss"]
[EventRounds "6"]
[EventCountry "CAN"]

1. e4 c5 2. c3 d6 3. d4 cxd4 4. cxd4 Nc6 5. Nc3 g6 6. Nf3 Bg7 7. h3 Nf6 8. Be3
O-O 9. Qd2 Re8 10. Bb5 a6 11. Bxc6 bxc6 12. O-O Rb8 13. Rfd1 Qb6 14. b3 Qa5 15.
Rac1 Bb7 16. Ng5 Red8 17. Nf3 Rbc8 18. Re1 c5 19. dxc5 Nxe4 20. Nxe4 Qa3 21.
Ng3 dxc5 22. Qe2 Bb2 23. Rc4 Bc6 24. Bc1 Bxc1 25. Rcxc1 Bb5 26. Qxe7 Re8 27.
Qf6 Qxa2 28. Qc3 Qa3 29. Rxe8+ Rxe8 30. Qxc5 Qxb3 31. Nd4 Qa4 32. Nxb5 axb5 33.
Qc6 Rb8 34. Ne4 Qa3 35. Qc3 Qa2 36. Nf6+ 1-0

[Event "Albert Boxer Classic"]
[Site "Winnipeg CAN"]
[Date "2002.08.31"]
[Round "1.1"]
[White "Vlaovic, George"]
[Black "Vincent, Trevor"]
[Result "1-0"]
[WhiteElo "2330"]
[BlackElo "1894"]
[PlyCount "79"]
[EventDate "2002.08.31"]
[EventType "swiss"]
[EventRounds "6"]
[EventCountry "CAN"]
[Source "ChessBase"]
[SourceDate "2002.11.25"]

1. e4 c5 2. Nf3 Nc6 3. d4 cxd4 4. Nxd4 g6 5. Nxc6 bxc6 6. Qd4 Nf6 7. e5 Nd5 8.
e6 f6 9. exd7+ Bxd7 10. h4 e5 11. Qc4 Qa5+ 12. c3 Qc5 13. Nd2 Qxc4 14. Bxc4 Be7
15. h5 O-O-O 16. Nf1 Nb6 17. Ba6+ Kb8 18. f4 Bd6 19. fxe5 Bxe5 20. Be3 Nd5 21.
Bd2 Bg4 22. hxg6 hxg6 23. Rxh8 Rxh8 24. Bd3 g5 25. Kf2 Bc7 26. Re1 f5 27. Re6
f4 28. Rxc6 Bb6+ 29. Rxb6+ axb6 30. c4 Nc7 31. g3 Ne6 32. Bc3 Rd8 33. Be4 Nc5
34. Bd5 Re8 35. gxf4 gxf4 36. Nd2 Nd3+ 37. Kg2 Re2+ 38. Kg1 f3 39. Nxf3 Nxb2
40. Nd4 1-0

[Event "Albert Boxer Classic"]
[Site "Winnipeg CAN"]
[Date "2002.08.31"]
[Round "1.2"]
[White "Cleto, Sam"]
[Black "Lipnowski, Irwin"]
[Result "0-1"]
[WhiteElo "1800"]
[BlackElo "2281"]
[PlyCount "62"]
[EventDate "2002.08.31"]
[EventType "swiss"]
[EventRounds "6"]
[EventCountry "CAN"]

1. d4 Nf6 2. c4 e6 3. Nf3 c5 4. d5 exd5 5. cxd5 d6 6. Nc3 g6 7. e4 Bg7 8. Bb5+
Nbd7 9. O-O O-O 10. Bg5 a6 11. Ba4 b5 12. Bc2 Re8 13. Ne2 Qc7 14. Ng3 c4 15. h4
Nc5 16. h5 Ncxe4 17. Re1 Nxg5 18. Rxe8+ Nxe8 19. Nxg5 Nf6 20. hxg6 hxg6 21. Qf3
Bb7 22. N3e4 Qe7 23. Re1 Nxe4 24. Nxe4 f5 25. Qg3 Bxd5 26. Qxd6 Qxd6 27. Nxd6
Rd8 28. Ne8 Bxb2 29. Nc7 Bf7 30. Nxa6 Rd2 31. Bd1 Bd4 0-1

[Event "Albert Boxer Classic"]
[Site "Winnipeg CAN"]
[Date "2002.08.31"]
[Round "1.3"]
[White "Rasmussen, Barry"]
[Black "Katona, John"]
[Result "0-1"]
[WhiteElo "2240"]
[BlackElo "1797"]
[PlyCount "54"]
[EventDate "2002.08.31"]
[EventType "swiss"]
[EventRounds "6"]
[EventCountry "CAN"]

1. e4 c5 2. Nf3 d6 3. d4 cxd4 4. Nxd4 Nf6 5. Nc3 a6 6. Qf3 Qc7 7. h3 b5 8.
Bxb5+ axb5 9. Ndxb5 Qd7 10. e5 Bb7 11. Qg3 Ne4 12. Nxe4 Qxb5 13. Nxd6+ exd6 14.
exd6 Qb4+ 15. c3 Qxd6 16. Bf4 Qe6+ 17. Kd2 Qd5+ 18. Kc1 Nc6 19. Re1+ Ne7 20.
Re5 Qc4 21. b3 Qc6 22. Qe3 Rd8 23. Kb2 Bc8 24. Rc5 Qe6 25. Qf3 Ng6 26. Rc6 Qe7
27. Rc4 Qa3+ 0-1

[Event "Albert Boxer Classic"]
[Site "Winnipeg CAN"]
[Date "2002.08.31"]
[Round "1.4"]
[White "Strub, Michael"]
[Black "Voje, Daniel"]
[Result "0-1"]
[WhiteElo "1781"]
[BlackElo "2235"]
[PlyCount "56"]
[EventDate "2002.08.31"]
[EventType "swiss"]
[EventRounds "6"]
[EventCountry "CAN"]

1. d4 f5 2. e4 fxe4 3. Nc3 Nf6 4. Bg5 Nc6 5. d5 Ne5 6. Bxf6 exf6 7. Nxe4 b6 8.
Nf3 Qe7 9. Qe2 Nxf3+ 10. gxf3 Bb7 11. O-O-O f5 12. Ng3 g6 13. Qd2 O-O-O 14. h4
Bg7 15. Bc4 Qf6 16. c3 Rhe8 17. Qg5 Qf8 18. Qd2 Bh6 19. f4 Qd6 20. Ne2 Re4 21.
Qd3 Rde8 22. Rd2 Qc5 23. Rf1 Qxc4 24. Qxc4 Rxc4 25. Kd1 Bxf4 26. Nxf4 Rxf4 27.
h5 g5 28. Rg1 h6 0-1

[Event "Albert Boxer Classic"]
[Site "Winnipeg CAN"]
[Date "2002.08.31"]
[Round "1.5"]
[White "Henson, Joshua"]
[Black "Wasney, Mark"]
[Result "1-0"]
[WhiteElo "2110"]
[BlackElo "1777"]
[PlyCount "67"]
[EventDate "2002.08.31"]
[EventType "swiss"]
[EventRounds "6"]
[EventCountry "CAN"]

1. d4 Nf6 2. c4 c5 3. d5 e6 4. Nc3 exd5 5. cxd5 d6 6. e4 g6 7. f4 Bg7 8. Nf3
O-O 9. Bd3 a6 10. a4 Bg4 11. O-O Nbd7 12. h3 Bxf3 13. Qxf3 Qc7 14. Be3 Rfe8 15.
Kh1 c4 16. Bc2 Rab8 17. Ba7 Ra8 18. Bd4 Rab8 19. a5 Nxe4 20. Bxg7 Nd2 21. Qf2
Nxf1 22. Bd4 Re7 23. Rxf1 f5 24. g4 fxg4 25. Qh4 Nf8 26. Ne4 g3 27. Bb6 Qc8 28.
Nf6+ Kf7 29. Nxh7 Nd7 30. Ng5+ Kg8 31. Bd4 Ne5 32. fxe5 dxe5 33. Bxe5 g2+ 34.
Kxg2 1-0

[Event "Albert Boxer Classic"]
[Site "Winnipeg CAN"]
[Date "2002.08.31"]
[Round "1.6"]
[White "Cowdrey, Eric"]
[Black "Nikouline, Alexandre"]
[Result "1-0"]
[WhiteElo "1764"]
[BlackElo "2098"]
[PlyCount "65"]
[EventDate "2002.08.31"]
[EventType "swiss"]
[EventRounds "6"]
[EventCountry "CAN"]
[Source "ChessBase"]
[SourceDate "2002.11.25"]

1. d4 e6 2. c4 Nf6 3. Nf3 b6 4. g3 Ba6 5. Qc2 Bb4+ 6. Bd2 Qe7 7. a3 Bxd2+ 8.
Nbxd2 Bb7 9. Bg2 O-O 10. O-O c5 11. e4 cxd4 12. Nxd4 Nc6 13. Nxc6 Bxc6 14. Rfe1
e5 15. Rac1 Rac8 16. Qd3 d6 17. Nf1 Rfd8 18. Ne3 Qb7 19. Nd5 Bxd5 20. cxd5 Rc5
21. b4 Rxc1 22. Rxc1 Rc8 23. Rc3 Ne8 24. Qc2 Rxc3 25. Qxc3 Qc7 26. Qc6 Qxc6 27.
dxc6 b5 28. Bf1 Nc7 29. f3 Kf8 30. Bh3 Ke7 31. Kf2 Ne6 32. Ke3 Nd4 33. c7 1-0

[Event "Albert Boxer Classic"]
[Site "Winnipeg CAN"]
[Date "2002.08.31"]
[Round "1.7"]
[White "Kaptsan, Aron"]
[Black "Proulx, Roy"]
[Result "1-0"]
[WhiteElo "2096"]
[BlackElo "1730"]
[PlyCount "37"]
[EventDate "2002.08.31"]
[EventType "swiss"]
[EventRounds "6"]
[EventCountry "CAN"]
[Source "ChessBase"]
[SourceDate "2002.11.25"]

1. d4 d5 2. c4 e6 3. Nc3 dxc4 4. e3 Nf6 5. Bxc4 c5 6. Nf3 Nc6 7. O-O a6 8. a4
cxd4 9. exd4 Be7 10. Re1 O-O 11. Bg5 Nd5 12. Bxe7 Nxc3 13. Bxd8 Nxd1 14. Bc7
Nxb2 15. Bf1 Nb4 16. Reb1 N2d3 17. Bd6 a5 18. Bxf8 Kxf8 19. g3 1-0

[Event "Albert Boxer Classic"]
[Site "Winnipeg CAN"]
[Date "2002.08.31"]
[Round "1.8"]
[White "Gilbert, Nathan"]
[Black "Schulz, Waldemar"]
[Result "0-1"]
[WhiteElo "1720"]
[BlackElo "2036"]
[PlyCount "74"]
[EventDate "2002.08.31"]
[EventType "swiss"]
[EventRounds "6"]
[EventCountry "CAN"]

1. b3 d5 2. Bb2 c5 3. e3 Nc6 4. Nf3 Nf6 5. Bb5 Bd7 6. O-O e6 7. Bxc6 Bxc6 8.
Ne5 Rc8 9. d3 Be7 10. Nd2 O-O 11. f4 Nd7 12. Ndf3 b5 13. Qe1 Nxe5 14. Nxe5 Be8
15. Qg3 f6 16. Nf3 Qb6 17. d4 c4 18. bxc4 bxc4 19. Bc3 Qa6 20. a3 Bg6 21. Bb4
Rfe8 22. c3 Qb6 23. Nd2 a5 24. Bxe7 Rxe7 25. e4 Bxe4 26. Nxe4 dxe4 27. Rfb1 Qc6
28. Qe1 e5 29. fxe5 fxe5 30. Rb2 exd4 31. cxd4 c3 32. Rc2 Qc4 33. Rac1 Qxd4+
34. Qf2 e3 35. Qe1 e2+ 36. Kh1 Qd3 37. h3 Rf8 0-1

[Event "Albert Boxer Classic"]
[Site "Winnipeg CAN"]
[Date "2002.08.31"]
[Round "1.9"]
[White "Lipnowski, Samuel"]
[Black "Charter, Bennet"]
[Result "1-0"]
[WhiteElo "2039"]
[BlackElo "1700"]
[PlyCount "95"]
[EventDate "2002.08.31"]
[EventType "swiss"]
[EventRounds "6"]
[EventCountry "CAN"]

1. e4 e6 2. d4 d5 3. Nc3 Nf6 4. Bg5 Be7 5. e5 Nfd7 6. Bxe7 Qxe7 7. f4 a6 8. Nf3
c5 9. g3 Nc6 10. Qd2 cxd4 11. Nxd4 Qb4 12. O-O-O Nxd4 13. Qxd4 Qxd4 14. Rxd4
Nb8 15. Bg2 Nc6 16. Rd2 b5 17. Rhd1 Bb7 18. Ne2 Rc8 19. Kb1 Ke7 20. Nc1 Rc7 21.
Nd3 Rhc8 22. Nc5 Nxe5 23. Nxb7 Nc4 24. Re2 Rxb7 25. Rxd5 Rbc7 26. Rd1 Rd8 27.
Rxd8 Kxd8 28. b3 Nb6 29. Rd2+ Rd7 30. Rxd7+ Kxd7 31. Kb2 Kd6 32. Kc3 a5 33. b4
a4 34. Kd4 f6 35. Bf1 Kc6 36. a3 Nd7 37. c4 bxc4 38. Bxc4 e5+ 39. Ke4 exf4 40.
gxf4 Nb6 41. Bg8 Kd6 42. h4 h6 43. h5 Nd7 44. Bc4 Nb6 45. Ba2 Ke7 46. Kf5 Kf8
47. Ke6 Ke8 48. Kd6 1-0

[Event "Albert Boxer Classic"]
[Site "Winnipeg CAN"]
[Date "2002.08.31"]
[Round "1.10"]
[White "Curtis, Rory"]
[Black "Miller, Mark"]
[Result "0-1"]
[WhiteElo "1657"]
[BlackElo "1859"]
[PlyCount "64"]
[EventDate "2002.08.31"]
[EventType "swiss"]
[EventRounds "6"]
[EventCountry "CAN"]

1. d4 d5 2. c4 c6 3. Nf3 Nf6 4. Nc3 e6 5. Bg5 Nbd7 6. e3 Qa5 7. Nd2 Bb4 8. Rc1
O-O 9. a3 Bxc3 10. Rxc3 Re8 11. b4 Qc7 12. Be2 e5 13. dxe5 Qxe5 14. Bxf6 Nxf6
15. Qc1 Ne4 16. Nxe4 dxe4 17. h3 Qg5 18. g3 h5 19. c5 h4 20. g4 Be6 21. Bc4
Rad8 22. Qc2 Qe5 23. Bxe6 Rxe6 24. O-O f5 25. Kh1 fxg4 26. hxg4 Qf6 27. Rg1
Qf3+ 28. Kh2 Re7 29. Qa2+ Kh8 30. Rcc1 Red7 31. Rcf1 Rd2 32. Qf7 Qxf7 0-1

[Event "Albert Boxer Classic"]
[Site "Winnipeg CAN"]
[Date "2002.08.31"]
[Round "1.11"]
[White "Federkevic, Danny"]
[Black "Bell, Dennis"]
[Result "0-1"]
[WhiteElo "2009"]
[BlackElo "1583"]
[PlyCount "57"]
[EventDate "2002.08.31"]
[EventType "swiss"]
[EventRounds "6"]
[EventCountry "CAN"]

1. e4 d5 2. exd5 Nf6 3. c4 e6 4. dxe6 Bxe6 5. d4 Bb4+ 6. Bd2 Qe7 7. Bxb4 Qxb4+
8. Qd2 Qe7 9. Qe2 c6 10. Nf3 O-O 11. Nbd2 Re8 12. Ne5 Nbd7 13. f3 Qd6 14. Nb3
a5 15. c5 Qc7 16. O-O-O a4 17. Nd2 Bxa2 18. f4 Qa5 19. Ndc4 Qc7 20. Nd6 Re7 21.
Qc2 Bb3 22. Qf5 Bxd1 23. Kxd1 a3 24. bxa3 Rxa3 25. Nexf7 Qa5 26. Bc4 Ra1+ 27.
Kc2 Qa4+ 28. Kb2 Qa3+ 29. Kc2 0-1

[Event "Albert Boxer Classic"]
[Site "Winnipeg CAN"]
[Date "2002.08.31"]
[Round "1.12"]
[White "Gannon, Keith"]
[Black "Lipnowski, Michael"]
[Result "0-1"]
[WhiteElo "1552"]
[BlackElo "1979"]
[PlyCount "122"]
[EventDate "2002.08.31"]
[EventType "swiss"]
[EventRounds "6"]
[EventCountry "CAN"]

1. e4 c5 2. Nf3 e6 3. Be2 d6 4. d4 cxd4 5. Nxd4 Nf6 6. Nc3 Be7 7. O-O O-O 8.
Re1 a6 9. Be3 Qc7 10. a3 b5 11. f3 Bb7 12. Bd3 Nbd7 13. Bf2 Rac8 14. Rc1 Ne5
15. Nb1 d5 16. exd5 Nxd5 17. Be4 Nc4 18. b4 Rfd8 19. c3 Bd6 20. g3 g6 21. Qe2
Be5 22. Nb3 Nf6 23. Bxb7 Qxb7 24. Nc5 Qc6 25. Rcd1 Nd7 26. Nxd7 Rxd7 27. Rxd7
Qxd7 28. Rd1 Qc7 29. Qa2 Rd8 30. Rxd8+ Qxd8 31. Qc2 Qd5 32. Kg2 Kg7 33. Qc1 Qd3
34. h4 h5 35. Qf1 Qxf1+ 36. Kxf1 f5 37. f4 Bf6 38. Ke2 e5 39. fxe5 Bxe5 40. Kf3
Kf6 41. Be1 g5 42. hxg5+ Kxg5 43. Bf2 f4 44. gxf4+ Bxf4 45. Be1 Bc1 46. Kg2 Kg4
47. Bf2 h4 48. Bc5 h3+ 49. Kh1 Bf4 50. Kg1 Kf3 51. Bd4 Ke2 52. Bf2 Kd1 53. Kf1
Kc2 54. a4 bxa4 55. Nd2 Kxd2 56. Be1+ Ke3 57. Bf2+ Kf3 58. Kg1 h2+ 59. Kh1 Kxf2
60. b5 a3 61. bxa6 a2 0-1

[Event "Albert Boxer Classic"]
[Site "Winnipeg CAN"]
[Date "2002.08.31"]
[Round "1.13"]
[White "Aldrich, Don"]
[Black "Trueman, Francis"]
[Result "1-0"]
[WhiteElo "1968"]
[BlackElo "1524"]
[PlyCount "49"]
[EventDate "2002.08.31"]
[EventType "swiss"]
[EventRounds "6"]
[EventCountry "CAN"]

1. e4 d6 2. d4 Nf6 3. Nc3 g6 4. Nf3 Bg7 5. Bf4 O-O 6. Qd2 c6 7. Bh6 Re8 8. Bxg7
Kxg7 9. Bd3 e5 10. O-O-O b6 11. h4 a5 12. Ne2 Ba6 13. Ng3 Bxd3 14. cxd3 h5 15.
dxe5 dxe5 16. Qg5 Ng8 17. Qxd8 Rxd8 18. Nxe5 Ne7 19. d4 Ra7 20. Rd3 Na6 21. a3
b5 22. Rhd1 Kf6 23. Rf3+ Ke6 24. Rxf7 c5 25. Rxe7+ 1-0

[Event "Albert Boxer Classic"]
[Site "Winnipeg CAN"]
[Date "2002.08.31"]
[Round "1.14"]
[White "Klassen, Paul"]
[Black "Khedkar, Jay"]
[Result "0-1"]
[WhiteElo "1500"]
[BlackElo "1935"]
[PlyCount "64"]
[EventDate "2002.08.31"]
[EventType "swiss"]
[EventRounds "6"]
[EventCountry "CAN"]

1. e4 c5 2. Nf3 d6 3. d4 cxd4 4. Nxd4 Nf6 5. Nc3 a6 6. Be3 e6 7. Be2 Qc7 8. O-O
Nbd7 9. f4 b5 10. f5 Ne5 11. fxe6 fxe6 12. Bg5 Be7 13. Bxf6 Bxf6 14. Bh5+ Ng6
15. Qf3 Bxd4+ 16. Kh1 Bf6 17. Rae1 O-O 18. Qd3 Ne5 19. Qg3 Bd7 20. Rf2 Nc4 21.
b3 Nd2 22. Nb1 Be5 23. Rxf8+ Rxf8 24. Qd3 Nxb1 25. Rxb1 Rf2 26. Be2 Bc6 27. c4
Qf7 28. Rf1 Qf4 29. Kg1 Rxf1+ 30. Bxf1 Bxe4 31. Qh3 Bd4+ 32. Kh1 Qxf1# 0-1

[Event "Albert Boxer Classic"]
[Site "Winnipeg CAN"]
[Date "2002.08.31"]
[Round "1.15"]
[White "Boron, Anthony"]
[Black "Shome, Devarshi"]
[Result "1-0"]
[WhiteElo "1925"]
[BlackElo "1500"]
[PlyCount "111"]
[EventDate "2002.08.31"]
[EventType "swiss"]
[EventRounds "6"]
[EventCountry "CAN"]

1. d4 Nf6 2. Nf3 g6 3. Nc3 Bg7 4. e4 d6 5. h3 O-O 6. Be3 e5 7. Qd2 exd4 8. Nxd4
Re8 9. Bd3 Nbd7 10. O-O-O Nc5 11. f3 d5 12. exd5 Nxd3+ 13. Qxd3 Nxd5 14. Nxd5
Qxd5 15. Kb1 Be6 16. Nxe6 Qxe6 17. Bf4 Qf6 18. Bc1 a5 19. Rhe1 Red8 20. Qb5
Rxd1 21. Rxd1 b6 22. c3 Rd8 23. Rxd8+ Qxd8 24. Kc2 Qh4 25. Qe8+ Bf8 26. Qe2
Qa4+ 27. Kb1 Bd6 28. b3 Qd7 29. Kb2 Kg7 30. Qe3 Qb5 31. Bd2 a4 32. c4 a3+ 33.
Kc1 Qf5 34. g4 Qe6 35. Bc3+ Kf8 36. Qxe6 fxe6 37. Kd2 Kf7 38. Kd3 g5 39. Ke4
Kg6 40. Kd3 h5 41. b4 hxg4 42. hxg4 Kf7 43. Ke4 Bf4 44. b5 Ke7 45. Bb4+ Bd6 46.
Bd2 Kf6 47. Bc1 Kg6 48. f4 gxf4 49. Bxf4 Bxf4 50. Kxf4 e5+ 51. Kxe5 Kg5 52. Kd5
Kxg4 53. Kc6 Kf3 54. Kxc7 Ke2 55. Kxb6 Kd3 56. c5 1-0

[Event "Albert Boxer Classic"]
[Site "Winnipeg CAN"]
[Date "2002.08.31"]
[Round "1.16"]
[White "Anderson, George"]
[Black "Lauritson, Jim"]
[Result "0-1"]
[WhiteElo "1485"]
[BlackElo "1947"]
[PlyCount "39"]
[EventDate "2002.08.31"]
[EventType "swiss"]
[EventRounds "6"]
[EventCountry "CAN"]

1. e4 c5 2. Nc3 Nc6 3. Bc4 e6 4. Nf3 g6 5. d3 Bg7 6. O-O Nge7 7. Ne2 O-O 8. a3
d5 9. Ba2 b6 10. c4 dxe4 11. dxe4 Qxd1 12. Rxd1 Ba6 13. Rb1 Rad8 14. Rd2 Na5
15. b3 Nec6 16. Bb2 Rxd2 17. Nxd2 Rd8 18. Bxg7 Rxd2 19. Bf6 Rxe2 20. Rd1 0-1

[Event "Albert Boxer Classic"]
[Site "Winnipeg CAN"]
[Date "2002.08.31"]
[Round "1.17"]
[White "Gustafson, Dale"]
[Black "Ford, Dana"]
[Result "1-0"]
[WhiteElo "1889"]
[BlackElo "1182"]
[PlyCount "61"]
[EventDate "2002.08.31"]
[EventType "swiss"]
[EventRounds "6"]
[EventCountry "CAN"]

1. e4 e5 2. f4 exf4 3. Nf3 d6 4. Bc4 g5 5. h4 Be7 6. hxg5 Bxg5 7. d4 Qe7 8. Nc3
a6 9. Nd5 Qd8 10. Bxf4 Bxf4 11. Nxf4 h6 12. Qd2 b5 13. Bb3 Bg4 14. O-O-O Nc6
15. a3 Nge7 16. d5 Na5 17. Qc3 Nxb3+ 18. Qxb3 Rg8 19. Qc3 Bxf3 20. gxf3 Ng6 21.
Qc6+ Kf8 22. Nxg6+ fxg6 23. Rxh6 Ke7 24. Rh7+ Kf6 25. Rxc7 Rc8 26. Rxc8 Qxc8
27. Qxd6+ Kf7 28. Rh1 Rh8 29. Qf4+ Kg8 30. Rxh8+ Kxh8 31. e5 1-0

[Event "Albert Boxer Classic"]
[Site "Winnipeg CAN"]
[Date "2002.08.31"]
[Round "2.1"]
[White "Khedkar, Jay"]
[Black "Vlaovic, George"]
[Result "0-1"]
[WhiteElo "1935"]
[BlackElo "2330"]
[PlyCount "96"]
[EventDate "2002.08.31"]
[EventType "swiss"]
[EventRounds "6"]
[EventCountry "CAN"]
[Source "ChessBase"]
[SourceDate "2002.11.25"]

1. e4 c5 2. Nf3 Nf6 3. e5 Nd5 4. c4 Nc7 5. b3 g6 6. Bb2 Bg7 7. Nc3 Nc6 8. Nd5
Ne6 9. g3 d6 10. Qe2 dxe5 11. O-O-O Ned4 12. Qe3 Bg4 13. Bg2 Qa5 14. Kb1 e4 15.
Nxd4 Bxd4 16. Bxd4 cxd4 17. Qf4 Bxd1 18. Rxd1 O-O 19. Qxe4 e6 20. Nf6+ Kg7 21.
Qf4 Nb4 22. a4 Qf5+ 23. Qxf5 exf5 24. Nd7 Rfe8 25. Bxb7 Rad8 26. Nc5 Re5 27.
Na6 Nxa6 28. Bxa6 Re6 29. Bb7 Rb6 30. Bd5 Rxb3+ 31. Kc2 Rdb8 32. Rc1 d3+ 33.
Kd1 Rb1 34. c5 R8b2 35. c6 Kf6 36. f4 Rxc1+ 37. Kxc1 Rc2+ 38. Kd1 Rc5 39. Bg2
Ke7 40. Bf1 Rd5 41. Bg2 Rd4 42. Ke1 Kd6 43. Kf2 Rxa4 44. Ke3 Ra3 45. Kd4 a5 46.
Kc4 a4 47. Bf1 Rb3 48. Bxd3 Rb6 0-1

[Event "Albert Boxer Classic"]
[Site "Winnipeg CAN"]
[Date "2002.08.31"]
[Round "2.2"]
[White "Lipnowski, Irwin"]
[Black "Aldrich, Don"]
[Result "1/2-1/2"]
[WhiteElo "2281"]
[BlackElo "1968"]
[PlyCount "49"]
[EventDate "2002.08.31"]
[EventType "swiss"]
[EventRounds "6"]
[EventCountry "CAN"]

1. c4 e6 2. Nf3 Nf6 3. Nc3 b6 4. e4 Bb4 5. e5 Bxc3 6. bxc3 Ng8 7. d4 Ne7 8. Bd3
Bb7 9. O-O d6 10. Re1 Nd7 11. Ba3 dxe5 12. Nxe5 Nxe5 13. Rxe5 Ng6 14. Re3 Rc8
15. Qg4 c5 16. d5 O-O 17. dxe6 Qf6 18. Bxg6 fxg6 19. Qg3 Rce8 20. Rae1 Qf4 21.
e7 Rf6 22. Qxf4 Rxf4 23. Rd1 Re4 24. Rxe4 Bxe4 25. Rd7 1/2-1/2

[Event "Albert Boxer Classic"]
[Site "Winnipeg CAN"]
[Date "2002.08.31"]
[Round "2.3"]
[White "Voje, Daniel"]
[Black "Boron, Anthony"]
[Result "1-0"]
[WhiteElo "2235"]
[BlackElo "1925"]
[PlyCount "67"]
[EventDate "2002.08.31"]
[EventType "swiss"]
[EventRounds "6"]
[EventCountry "CAN"]

1. e4 d5 2. exd5 Nf6 3. d4 Bg4 4. f3 Bf5 5. g4 Bg6 6. c4 c6 7. g5 Nh5 8. Qb3
Qc7 9. Nc3 Nd7 10. Bh3 Rd8 11. Nge2 Nb6 12. O-O Bd3 13. c5 Nc8 14. Rf2 g6 15.
d6 exd6 16. Nf4 Nxf4 17. Bxf4 Bg7 18. Re1+ Kf8 19. Nd5 cxd5 20. Qxd3 Qa5 21.
Rfe2 dxc5 22. dxc5 Qxc5+ 23. Be3 Qa5 24. b4 Qxb4 25. Bxc8 Rxc8 26. Qxd5 Qa4 27.
Bc5+ Kg8 28. Re7 Rf8 29. R7e4 Qa5 30. Qc4 b5 31. Qe2 Rd8 32. Re8+ Bf8 33. Bxf8
Qb6+ 34. Bc5+ 1-0

[Event "Albert Boxer Classic"]
[Site "Winnipeg CAN"]
[Date "2002.08.31"]
[Round "2.4"]
[White "Lauritson, Jim"]
[Black "Henson, Joshua"]
[Result "0-1"]
[WhiteElo "1947"]
[BlackElo "2110"]
[PlyCount "74"]
[EventDate "2002.08.31"]
[EventType "swiss"]
[EventRounds "6"]
[EventCountry "CAN"]

1. e4 e6 2. d3 c5 3. g3 Nc6 4. Bg2 g6 5. Nc3 Bg7 6. Be3 Nd4 7. Nce2 Ne7 8. c3
Nxe2 9. Nxe2 d6 10. O-O O-O 11. d4 cxd4 12. Bxd4 e5 13. Be3 Be6 14. Qa4 Qc7 15.
Rfd1 f5 16. Qb4 Bc4 17. Bf1 d5 18. Qc5 Rfc8 19. Qxc7 Rxc7 20. exd5 Nxd5 21. Nc1
Nxe3 22. fxe3 Be6 23. Rd6 Kf7 24. Nb3 Bf8 25. Rd2 a5 26. Rad1 a4 27. Nc1 a3 28.
c4 Bb4 29. Rc2 Bc5 30. Kf2 f4 31. gxf4 exf4 32. b3 Bxe3+ 33. Ke1 Bg4 34. Rd5
Re8 35. Nd3 Rce7 36. Rb5 f3 37. h3 f2+ 0-1